25 Most Followed Twitch Streamers - Statistics

General Stats
  • This quiz has been taken 1,187 times
    1,086 since last reset
  • The average score is 5 of 25
Answer Stats
Rank Streamer Primary Game Followers % Correct
1 Ninja ——— 16,704,000
85%
5 xQcOW ——— 7,598,000
62%
8 pokimane ——— 7,239,000
55%
2 Tfue ——— 9,978,000
39%
3 shroud ——— 8,947,000
33%
11 TimTheTatMan Call of Duty: Warzone 6,120,000
28%
7 Myth Valorant 7,283,000
26%
23 loltyler1 League of Legends 4,082,000
24%
15 ibai League of Legends 5,082,000
18%
16 NICKMERCS Call of Duty: Warzone 5,069,000
18%
13 summit1g Escape From Tarkov 5,782,000
16%
20 DrLupo Escape From Tarkov 4,429,000
15%
4 Rubius ——— 8,206,000
13%
12 sodapoppin ——— 5,928,000
13%
10 Clix Fortnite 6,374,000
11%
22 SypherPK Fortnite 4,335,000
10%
6 auronplay ——— 7,331,000
9%
25 Bugha Fortnite 3,963,000
9%
21 ESL_CSGO CS:GO 4,338,000
8%
17 Riot Games League of Legends 5,031,000
8%
9 TheGrefg ——— 6,637,000
7%
18 dakotaz ——— 4,730,000
4%
24 Fresh Fortnite 4,008,000
4%
19 alanzoka ——— 4,431,000
2%
14 heelmike Fortnite 5,141,000
1%
No matching quizzes found
Score Distribution
Percent of People with Each Score
Percentile by Number Answered
Your Score History
You have not taken this quiz since the last reset